تحميل...
Lucipherude Makal
| المؤلف الرئيسي: | |
|---|---|
| التنسيق: | Printed Book |
| اللغة: | Undetermined |
| منشور في: |
Kollam
Keerthi Books
2006
|
| الطبعة: | 1 |
| الموضوعات: |
| LEADER | 00518nam a2200169Ia 4500 | ||
|---|---|---|---|
| 008 | 140316s9999 xx 000 0 und d | ||
| 020 | |||
| 082 | |a 813.1 |b PUS/LU | ||
| 100 | |a Pushpanath, Kottayam | ||
| 245 | |a Lucipherude Makal | ||
| 250 | |a 1 | ||
| 260 | |a Kollam |b Keerthi Books |c 2006 | ||
| 300 | |a 168 | ||
| 650 | |a Novel | ||
| 942 | |2 ddc |c BK | ||
| 999 | |c 9043 |d 9043 | ||
| 952 | |0 0 |1 0 |2 ddc |4 0 |6 813_100000000000000_PUSLU |7 0 |9 10229 |a KAUCLV |b KAUCLV |c GENERAL |d 2014-03-18 |l 2 |o 813.1 PUS/LU |p 217334 |r 2017-07-21 |s 2017-06-11 |w 2014-03-18 |y BK | ||